Inteligencia comercial : (Registro nro. 21616)

Detalles MARC
000 -Cabecera
Campo de control interno 01041nam a2200253Ia 4500
005 - Fecha y hora del registro
control field 20260422161538.0
008 - Elementos de Longitud Fija
fixed length control field 260320s9999||||xx |||||||||||||| ||und||
020 ## - ISBN
ISBN 9589042724
041 ## - Idioma
Codigo Idioma ESP
082 ## - DEWEY y NOTACIÓN INTERNA
Dewey 658.403
Notación Interna F93
100 ## - AUTOR
Autor denominación Fuld, Leonard, M.,
Término de relación autor
245 #0 - TÍTULO DE MATERIAL BIBLIOGRÁFICO
Título Inteligencia comercial :
Título paralelo técnicas para analizar la competencia
250 ## - EDICIÓN
Edición Primera reimpresión
260 ## - CIUDAD, EDITORIAL, AÑO
Ciudad Bogotá :
Nombre de la Editorial Legis Editores,
Año 1990
300 ## - DESCRIPCIÓN
N° Páginas xi, 210 páginas :
Dimensiones 23 cm.
650 ## - TEMAS
Temas Tecnología (Ciencias Aplicadas)
653 ## - DESCRIPTORES
Lenguajes no controlado Administración; Gerencia ejecutiva; Toma de decisiones
654 ## - PROGRAMAS
Programa Dpto. de Administración de Negocios
700 ## - OTROS AUTORES
Otros autores Villamizar Herrera, Jesús,
Títulos y otras palabras asociadas con el nombre traductor
856 ## - URL - UBICACIÓN
URI/URL: Enlace exacto del recurso <a href="https://0u213xits-y-https-ebooks7--24-com.itmsp.museknowledge.com/visorBook.aspx?i=10289&t=6FD85C47-1F1C-4E7B-944A-A54F68AA76CC">https://0u213xits-y-https-ebooks7--24-com.itmsp.museknowledge.com/visorBook.aspx?i=10289&t=6FD85C47-1F1C-4E7B-944A-A54F68AA76CC</a>
Nota pública: Versión digital <a href="Véase además: Investigación de mercados, por Naresh Malhotra. Versión digital">Véase además: Investigación de mercados, por Naresh Malhotra. Versión digital</a>
856 ## - URL - UBICACIÓN
URI/URL: Enlace exacto del recurso <a href="https://itmsp.museknowledge.com/UCSP?groupID=2&action=source&sourceID=eBooks724">https://itmsp.museknowledge.com/UCSP?groupID=2&action=source&sourceID=eBooks724</a>
Nota pública: Versión digital <a href="Véase además: Base de datos Ebook7-24">Véase además: Base de datos Ebook7-24</a>
942 ## - ELEMENTOS DE KOHA
Tipo de documento Separata
Nombre del creador Justo Noguera
Código de catalogador Tania Ramirez
Esquema de clasificación Dewey Decimal Classification
Existencias
Codigo completo Registro Colección Copia número Disponibilidad Tipo de préstamo Biblioteca Actual Procedencia (Biblioteca) Ubicacón Fecha Ingreso Tipo de Adquisición Observación Date last seen Total checkouts Price effective from Tipo de Item Estado del Material Fuente de Clasificación Damaged status Withdrawn status
658.403 F93 1084997 Universidad Católica San Pablo 1 Disponible Disponible Víctor Andrés Belaunde Víctor Andrés Belaunde Planta baja cerrada 10/03/2026 Compra Contabilidad 20/03/2026   20/03/2026 Libro Bueno Dewey Decimal Classification